zpět

Detail výsledku týmu

Srdcovka Ústí, Ústí nad Labem

Datum a čas kvízu

31.5 Celkem bodů Celkový počet nahraných bodů na tomto kvízu bez doplňovacích otázek.
7. Pořadí na kvízu Konečné umístění týmu na tomto kvízu.

Zaznamenané odpovědi

# Otázka Odpověď Body Výsledky
1. Prázdné a nastartované BMW upo... štěnic 0
2. 64letý exprezident jedné země,... o Jižní Koreji (Korejské republice) 1
3. Ve středu překvapila přihlíže... Paranoid; Ozzy Osbourne 0.5
4. Minulý týden ohlásila jedna če... Benu 1
5. Minulý čtvrtek jsme se dozvědě... Andrea Stramaccioni 1
6. V tématu se zaměříme na nejrůz... v Japonsku 1
7. Stánků s langoši bylo v devade... Starej fotr 1
8. Instantní fotoaparáty se nejvě... Polaroid, Instax 1
9. Nejdříve trendy doplněk, pozdě... Kendall Jenner 0
10. Gramofonovým deskám leckdo pře... long play 1